Λόγος εισιτήριος εις το μάθημα της ελληνικής ιστορίας εκφωνηθείς τηι 30 Μαρτίου 1878
Αποθηκεύτηκε σε:
| Κύριος συγγραφέας: | |
|---|---|
| Μορφή: | Βιβλίο |
| Γλώσσα: | Greek |
| Δημοσίευση: |
Αθήνησιν :
Εκ του τυπογραφείου Ερμού,
1878.
|
| Θέματα: | |
| Ετικέτες: |
Προσθήκη ετικέτας
Δεν υπάρχουν, Καταχωρήστε ετικέτα πρώτοι!
|
MARC
| LEADER | 00000cam a2200000 a 4500 | ||
|---|---|---|---|
| 001 | 1/107606 | ||
| 008 | 150721s1878####gr | ||| |||| ||gre|| | ||
| 040 | |a GR-MyUa |b gre |c GR-MyUa |e AACR2 | ||
| 041 | 0 | |a gre | |
| 082 | 7 | |a 938.1 |2 (23) | |
| 100 | 1 | |a Λάμπρος, Σπυρίδων Π., |d 1851-1919. | |
| 245 | 1 | 0 | |a Λόγος εισιτήριος εις το μάθημα της ελληνικής ιστορίας εκφωνηθείς τηι 30 Μαρτίου 1878 / |c υπό Σπυρίδωνος Λάμπρου. |
| 260 | |a Αθήνησιν : |b Εκ του τυπογραφείου Ερμού, |c 1878. | ||
| 300 | |a 39 σ. ; |c 21 εκ. | ||
| 501 | |a Δεμένο με : Ιστορικά μελετήματα / υπό Σπυρίδωνος Π. Λάμπρου. Εν Αθήναις : Εκ του Τυπογραφείου "Ο Παλαμηδης", 1884. Δεμένα μαζί μετά τη δημοσίευσή τους. | ||
| 533 | |a (Ανατύπωσις εκ του ζ' τόμου του περιοδικού Αθηναίου). | ||
| 650 | 0 | |a Lectures and lecturing. | |
| 651 | 0 | |a Greece |x History |x Sources. | |
| 740 | 0 | |a Ιστορικά μελετήματα | |
| 920 | |a Πορφυριάδα |y Σάμος |z 2010-12 | ||
| 970 | |a Γουβάλα |b Βάσω |z 21-07-2015 | ||